| 000 | 00749cam a22002533a 4500 | ||
|---|---|---|---|
| 001 | 247 | ||
| 003 | PGUSA | ||
| 005 | 20140828082945.0 | ||
| 008 | 950401s1995||||xxu|||||s|||||000 | eng d | ||
| 040 |
_aPGUSA _beng |
||
| 042 | _adc | ||
| 050 | 4 | _aAG | |
| 050 | 4 | _aPE | |
| 100 | 1 |
_aWebster, Noah, _d1758-1843 |
|
| 245 | 1 | 0 |
_aWebster's Unabridged Dictionary (1st 100 Pages) _h[electronic resource] / _cNoah Webster |
| 260 |
_bProject Gutenberg, _c1995 |
||
| 500 | _a1st 100 Pages | ||
| 506 | _aCopyrighted. Read the copyright notice inside this book for details. | ||
| 516 | _aElectronic text | ||
| 653 | _aEnglish language -- Dictionaries | ||
| 830 | 0 |
_aProject Gutenberg _v247 |
|
| 856 | 4 | 0 | _uhttp://www.gutenberg.org/ebooks/247 |
| 942 | _cEB | ||
| 999 |
_c229600 _d229600 |
||